000 00899nam a2200277Ia 4500
003 OSt
005 20221005043004.0
006 a|||||r|||| 00| 0
007 ta
008 221004b |||||||| |||| 00| 0 eng d
020 _a9781474433693
_cUKP 75.00
024 _a42027
037 _bBBS/64, 07/02/2019, Better Book Service
_cTextual
040 _aCRL
_cCRL
_beng
041 _2eng
_aeng
082 _aO111:g, Q8
100 _aShaikh Fariha Au.
_9591068
245 0 _aNinteenth - century settler emigration in brititsh literature and art
260 _aEdinburgh
_bEdinburgh University Press UK
_c2018
300 _ax,244p.
_ccm.
490 _aEdinburge critical studies in victorian culture
650 _a ENGLISH LITERATURE
650 _aARTS
942 _hO111:g, Q8
_cTEXL
_2cc
999 _c951115
_d951115